Der Weg der Zillertaler Protestanten nach Preußisch Schlesien
| Titel: | Der Weg der Zillertaler Protestanten nach Preußisch Schlesien / Horst und Helga Bast |
|---|---|
| Verfasser: | ; |
| In: |
Auf historischer Spurensuche im Bobertal... ; Bd. 3. Seminarband ... der 3. Bobertaltagung 2016, (2018), Seite 872-881 alle Artikel anzeigen |
| Veröffentlicht: | 2018 |
| Format: | Aufsatz |
| Sprache: | Deutsch |
X
alg: 48481520 001A $03025:27-08-21 001B $01999:27-08-21 $t22:30:49.000 001D $03025:27-08-21 001U $0utf8 001X $00 002@ $0Aou 002C $aText $btxt $2rdacontent 002D $aohne Hilfsmittel zu benutzen $bn $2rdamedia 002E $aBand $bnc $2rdacarrier 003@ $0484815202 007A $0484815202 $aHEB 010@ $ager 010E $erda 011@ $a2018 021A $aDer @Weg der Zillertaler Protestanten nach Preußisch Schlesien $hHorst und Helga Bast 028A $BVerfasser $4aut $7 $8Bast, Horst [Tnu] $9305887939 028C $BVerfasser $4aut $7 $8Bast, Helga [Tnu] $9305887920 031A $h872-881 $j2018 039B $aEnthalten in $8--Afx--. Auf historischer Spurensuche im Bobertal... ; Bd. 3. Seminarband ... der 3. Bobertaltagung 2016. - Würzburg : Stiftung Kulturwerk Schlesien, 2018. - 811 - 1187 Seiten, [32] ungezählte Seiten. - Illustrationen. - ISBN 978-3-929817-09-6 $x201800000000000128 $9438600185 044K $RPolen $RNiederschlesien $ROberschlesien $RNiederschlesien $ROberschlesien $#Schlesien $#Schlesien $#Herzogtum Schlesien $#Herzogtum Schlesien Schlesien $#Provinz Schlesien $#Śla̜sk $#Slezsko $#Silesia $74052678-1 $8Schlesien [Tg1] $9085146781 044K $#Ziller, Tal $74109019-6 $8Zillertal [Tg1] $9085323047 044K $RChrist $RProtestantin $#Protestants $#Protestants $#Protestanti $#Protestantes $#Protestant $#Evangelischer Christ $74130730-6 $8Protestant [Ts1] $9085463434 044K $RMigration $RInternationale Migration $RAuswanderer $RExil $#Emigration and immigration $#Émigration et immigration $#Auswanderung $#Auswanderung $#Emigration $#Emigration Auswanderung $74003920-1 $8Auswanderung [Ts1] $9085002232 045F $a200.9438509034 $eDDC23BSB 045F/01 $a200.9 045F/03 $f09034 045F/03 $g4385 045R $aGeschichte 1750-1837 lok: 48481520 78 exp: 48481520 78 1 #EPN 201B/01 $027-08-21 $t13:46:53.000 201C/01 $027-08-21 201U/01 $0utf8 203@/01 $01166034267 208@/01 $a27-08-21 $be 209A/01 $a/ $f000 $x00 209A/01 $ab*p $x01 220C/01 $apgar 244Z/01 $#Schlesien $#Schlesien $#Herzogtum Schlesien $#Herzogtum Schlesien Schlesien $#Provinz Schlesien $#Śla̜sk $#Slezsko $#Silesia $74052678-1 $8--Tg1--Schlesien $x01 $9085146781 247C/01 $82080>Marburg/Lahn, Herder-Institut, Forschungsbibliothek, Bibliographieportal $9336309341
| LEADER | 00000caa a2200000 c 4500 | ||
|---|---|---|---|
| 001 | 484815202 | ||
| 003 | DE-603 | ||
| 005 | 20210827223049.0 | ||
| 007 | tu | ||
| 008 | 210827s2018 xx |||| | u00||u|ger c | ||
| 035 | |a (DE-599)HEB484815202 | ||
| 040 | |a DE-603 |b ger |c DE-603 |d DE-603 |e rda | ||
| 041 | |a ger | ||
| 082 | 0 | 4 | |8 1\u |a 200.9438509034 |q DE-101 |2 23/BSB |
| 085 | |8 1\u |b 200.9 | ||
| 085 | |8 1\u |z 1 |s 09034 | ||
| 085 | |8 1\u |z 2 |s 4385 | ||
| 100 | 1 | |a Bast, Horst |e Verfasser |4 aut |0 (DE-603)305887939 | |
| 245 | 0 | 0 | |a Der Weg der Zillertaler Protestanten nach Preußisch Schlesien |c Horst und Helga Bast |
| 264 | 0 | |c 2018 | |
| 336 | |a Text |b txt |2 rdacontent | ||
| 337 | |a ohne Hilfsmittel zu benutzen |b n |2 rdamedia | ||
| 338 | |a Band |b nc |2 rdacarrier | ||
| 648 | 7 | |a Geschichte 1750-1837 |2 gnd | |
| 650 | 7 | |a Protestant |0 (DE-588)4130730-6 |0 (DE-603)085463434 |2 gnd | |
| 650 | 7 | |a Auswanderung |0 (DE-588)4003920-1 |0 (DE-603)085002232 |2 gnd | |
| 651 | 7 | |a Schlesien |0 (DE-588)4052678-1 |0 (DE-603)085146781 |2 gnd | |
| 651 | 7 | |a Zillertal |0 (DE-588)4109019-6 |0 (DE-603)085323047 |2 gnd | |
| 700 | 1 | |a Bast, Helga |e Verfasser |4 aut |0 (DE-603)305887920 | |
| 773 | 0 | 8 | |i Enthalten in |t Auf historischer Spurensuche im Bobertal... ; Bd. 3. Seminarband ... der 3. Bobertaltagung 2016 |d Würzburg : Stiftung Kulturwerk Schlesien, 2018 |h 811 - 1187 Seiten, [32] ungezählte Seiten, Illustrationen |z 9783929817096 |g (2018), Seite 872-881 |w (DE-603)438600185 |
| 924 | 0 | |9 2080 |a (DE-603)1166034267 |b DE-2080 |c HES |d d |g / | |


